| 000 | 00653nam a2200241Ia 4500 | ||
|---|---|---|---|
| 003 | OSt | ||
| 005 | 20230426151407.0 | ||
| 008 | 210423s2012 xx 000 0 und d | ||
| 020 | _a978141297837 | ||
| 040 | _cAL | ||
| 041 | _aeng | ||
| 082 |
_a001.433 _223 _bRUBH |
||
| 100 |
_aRUBIN (Herbert J);RUBIN (Irene S) _993569 |
||
| 245 | _aQualitative interviewing: the art of hearing data | ||
| 250 | _a3 | ||
| 260 |
_aNew Delhi _bSage Publications _c2012 |
||
| 300 |
_axix,265 _bPB |
||
| 365 | _cINR | ||
| 650 |
_aGeneral _993570 |
||
| 650 |
_aResearch _993571 |
||
| 906 | _aart ; data. ; hearing ; interviewing: ; Qualitative | ||
| 942 |
_2ddc _cBK |
||
| 999 |
_c161138 _d161138 |
||